[Event "HUN-chT2 Szechenyi 0607"]
[Site "Hungary"]
[Date "2007.04.15"]
[Round "8"]
[White "Gabor, Attila"]
[Black "Gaal, Sandor"]
[Result "0-1"]
[WhiteElo "1976"]
[BlackElo "2085"]
[PlyCount "63"]
[EventDate "2006.11.12"]
[EventType "team-tourn"]
[EventRounds "11"]
[EventCountry "HUN"]
[SourceTitle "EXT 2008"]
[Source "ChessBase"]
[SourceDate "2007.11.25"]
[SourceVersion "1"]
[SourceVersionDate "2007.11.25"]
[SourceQuality "1"]
[WhiteTeam "Arboretum"]
[BlackTeam "Ajka Banyasz"]
[WhiteTeamCountry "HUN"]
[BlackTeamCountry "HUN"]

1. g3 g6 2. Bg2 Bg7 3. d4 d5 4. Nf3 Nf6 5. Nbd2 0-0 6. 0-0 b6 7. Ne5 Bb7 8. c4 e6 9. b3 Nbd7 10. f4 Rc8 11. Ba3 Re8 12. Rc1 Nxe5 13. fxe5 Ng4 14. e4 Ne3 15. Qf3 Nxf1 16. Rxf1 Qd7 17. cxd5 exd5 18. exd5 Rcd8 19. Qf4 Bxd5 20. Bxd5 Qxd5 21. Nf3 h6 22. h4 Re6 23. g4 f6 24. g5 hxg5 25. hxg5 fxe5 26. dxe5 c5 27. Bb2 Rf8 28. Qg4 Rf5 29. Kg2 Bxe5 30. Bxe5 Rexe5 31. Kg3 Re4 32. Qh3 0-1

[Event "HUN-chT2 Szechenyi 0607"]
[Site "Hungary"]
[Date "2006.12.17"]
[Round "4"]
[White "Hagymasi, Janos"]
[Black "Gaal, Sandor"]
[Result "0-1"]
[WhiteElo "1979"]
[BlackElo "2085"]
[PlyCount "75"]
[EventDate "2006.11.12"]
[EventType "team-tourn"]
[EventRounds "11"]
[EventCountry "HUN"]
[SourceTitle "EXT 2008"]
[Source "ChessBase"]
[SourceDate "2007.11.25"]
[SourceVersion "1"]
[SourceVersionDate "2007.11.25"]
[SourceQuality "1"]
[WhiteTeam "Veszprem"]
[BlackTeam "Ajka Banyasz"]
[WhiteTeamCountry "HUN"]
[BlackTeamCountry "HUN"]

1. e4 c5 2. Nf3 d6 3. d4 cxd4 4. Nxd4 Nf6 5. Nc3 a6 6. Be2 e6 7. 0-0 Be7 8. f4 Qc7 9. a4 Nc6 10. Kh1 0-0 11. Bg4 Bd7 12. Nb3 Rac8 13. Be3 Nb4 14. Qe2 Bc6 15. Rad1 d5 16. e5 Nd7 17. Qf2 b6 18. h3 Bb7 19. Rd2 Bc5 20. Rfd1 Rfd8 21. Nd4 Bf8 22. Nde2 Nc6 23. Nd4 Na5 24. Be2 Bb4 25. Nb3 Nc5 26. Nxc5 bxc5 27. Nxd5 exd5 28. c3 d4 29. Qh4 Nb3 30. Rd3 c4 31. cxb4 cxd3 32. Bxd3 g6 33. Bf2 Nc1 34. Bb1 Ne2 35. Qh6 Qc6 36. Qg5 Nxf4 37. Qg3 Nxg2 38. Kh2 0-1

[Event "HUN-chT2 Szechenyi 0607"]
[Site "Hungary"]
[Date "2006.12.03"]
[Round "3"]
[White "Gaal, Sandor"]
[Black "Horvath, Laszlo"]
[Result "1/2-1/2"]
[WhiteElo "2085"]
[BlackElo "2268"]
[PlyCount "41"]
[EventDate "2006.11.12"]
[EventType "team-tourn"]
[EventRounds "11"]
[EventCountry "HUN"]
[SourceTitle "EXT 2008"]
[Source "ChessBase"]
[SourceDate "2007.11.25"]
[SourceVersion "1"]
[SourceVersionDate "2007.11.25"]
[SourceQuality "1"]
[WhiteTeam "Ajka Banyasz"]
[BlackTeam "Gyor Komszomol"]
[WhiteTeamCountry "HUN"]
[BlackTeamCountry "HUN"]

1. e4 Nf6 2. e5 Nd5 3. Bc4 Nb6 4. Bb3 d5 5. d4 Bf5 6. Nf3 e6 7. 0-0 c5 8. dxc5 Bxc5 9. Nd4 Bg6 10. c3 Nc6 11. Be3 Nd7 12. Nxc6 bxc6 13. Bxc5 Nxc5 14. Bc2 Qc7 15. Re1 0-0 16. b4 Nd7 17. Bxg6 fxg6 18. Nd2 Rf5 19. Nf3 Nxe5 20. Nd4 Rf6 21. Qe2 1/2-1/2

[Event "HUN-chT2 Szechenyi 0607"]
[Site "Hungary"]
[Date "2006.11.12"]
[Round "1"]
[White "Papp, Albert"]
[Black "Gaal, Sandor"]
[Result "1-0"]
[WhiteElo "2101"]
[BlackElo "2085"]
[PlyCount "91"]
[EventDate "2006.11.12"]
[EventType "team-tourn"]
[EventRounds "11"]
[EventCountry "HUN"]
[SourceTitle "EXT 2008"]
[Source "ChessBase"]
[SourceDate "2007.11.25"]
[SourceVersion "1"]
[SourceVersionDate "2007.11.25"]
[SourceQuality "1"]
[WhiteTeam "Flesch"]
[BlackTeam "Ajka Banyasz"]
[WhiteTeamCountry "HUN"]
[BlackTeamCountry "HUN"]

1. d4 d5 2. c4 e6 3. Nc3 Nf6 4. Bg5 Be7 5. e3 Ne4 6. Bxe7 Qxe7 7. Qc2 Nxc3 8. Qxc3 0-0 9. Nf3 c6 10. Bd3 Nd7 11. 0-0 Nf6 12. c5 h6 13. Rac1 Bd7 14. Ne5 Be8 15. Bb1 Nd7 16. Qc2 f5 17. Nxd7 Bxd7 18. f4 b5 19. Qc3 a5 20. a3 Rfb8 21. b4 Ra7 22. Bc2 a4 23. Qe1 Be8 24. h3 Bh5 25. Kh2 Qf6 26. Rg1 g5 27. g4 Bg6 28. Qg3 gxf4 29. Qxf4 Rf8 30. gxf5 exf5 31. Rxg6+ Qxg6 32. Rg1 Qxg1+ 33. Kxg1 Rg7+ 34. Kf2 h5 35. Bd1 h4 36. Qxh4 Re8 37. Bf3 Rge7 38. Qg5+ Rg7 39. Qxf5 Rf8 40. Qe6+ Rgf7 41. Ke2 Kh7 42. Qg4 Rg7 43. Qh4+ Kg8 44. Bg4 Rh7 45. Qg5+ Rg7 46. Be6+ 1-0

[Event "HUN-chT2 Szechenyi 0506"]
[Site "Hungary"]
[Date "2006.03.19"]
[Round "9"]
[White "Gaal, Sandor"]
[Black "Soponyai, Andras"]
[Result "1/2-1/2"]
[WhiteElo "2095"]
[BlackElo "2118"]
[PlyCount "37"]
[EventDate "2005.10.16"]
[EventType "team-tourn"]
[EventRounds "11"]
[EventCountry "HUN"]
[SourceTitle "EXT 2009"]
[Source "ChessBase"]
[SourceDate "2008.11.26"]
[SourceVersion "1"]
[SourceVersionDate "2008.11.26"]
[SourceQuality "1"]
[WhiteTeam "Ajka Banyasz"]
[BlackTeam "HVSE Infraplan II"]
[WhiteTeamCountry "HUN"]
[BlackTeamCountry "HUN"]

1. e4 e6 2. d3 d5 3. Nd2 c5 4. Ngf3 Nc6 5. g3 Nf6 6. Bg2 dxe4 7. dxe4 e5 8. 0-0 Be7 9. b3 Bg4 10. Re1 0-0 11. Bb2 Qc7 12. h3 Bh5 13. c3 Rad8 14. Qc2 b5 15. Nf1 Bg6 16. Nh4 Rd7 17. Rad1 Rfd8 18. Nxg6 hxg6 19. Ne3 1/2-1/2

[Event "HUN-chT2 Szechenyi 0405"]
[Site "Hungary"]
[Date "2005.04.24"]
[Round "11"]
[White "Takacs, Gergo"]
[Black "Gaal, Sandor"]
[Result "0-1"]
[WhiteElo "1988"]
[BlackElo "2095"]
[PlyCount "68"]
[EventDate "2004.09.26"]
[EventType "team-tourn"]
[EventRounds "11"]
[EventCountry "HUN"]
[SourceTitle "EXT 2009"]
[Source "ChessBase"]
[SourceDate "2008.11.26"]
[SourceVersion "1"]
[SourceVersionDate "2008.11.26"]
[SourceQuality "1"]
[WhiteTeam "Sarvar"]
[BlackTeam "Ajka Banyasz"]
[WhiteTeamCountry "HUN"]
[BlackTeamCountry "HUN"]

1. e4 c5 2. Nf3 a6 3. c4 d6 4. d4 cxd4 5. Nxd4 Nf6 6. Nc3 e6 7. Bd3 Be7 8. 0-0 0-0 9. b3 b6 10. Bb2 Bb7 11. Qe2 Nc6 12. Nxc6 Bxc6 13. f4 Qc7 14. Qc2 e5 15. f5 b5 16. cxb5 axb5 17. b4 Qb7 18. Qe2 Rfe8 19. a3 Rab8 20. a4 bxa4 21. b5 d5 22. bxc6 Qxb2 23. Qxb2 Rxb2 24. Nxa4 Rd2 25. Ba6 Bd6 26. exd5 e4 27. Rfd1 e3 28. Bc4 Ng4 29. Rac1 Bxh2+ 30. Kh1 Bd6 31. Nc3 Nf2+ 32. Kg1 Nxd1 33. Nb5 e2 34. Bxe2 Rexe2 0-1